2013 Baby Names: Boy or Girl? Quiz Stats

 Plays Quiz Updated Oct 1, 2014

Challenge
Share
Tweet
Embed
Score 0/26 Timer 03:00
6 Plays Today
Name B or G? % Correct
Alexis???
89.9%
Dylan???
89.5%
Logan???
86%
Parker???
82.2%
Sawyer???
81.7%
Dakota???
79.7%
Blake???
79.2%
Charlie???
76.3%
Cameron???
76.1%
Jayden???
74.9%
Rowan???
68.2%
Phoenix???
65.4%
Avery???
62.5%
Name B or G? % Correct
Taylor???
62.5%
Justice???
60.6%
Riley???
59.1%
Amari???
57.4%
Jordan???
56.2%
Payton???
55.9%
Hayden???
54.7%
Quinn???
49.3%
Angel???
45.6%
Peyton???
40.8%
Finley???
37.3%
Skyler???
31.8%
Emerson???
30.8%

You're not logged in!

Compare scores with friends on all Sporcle quizzes.
OR
Log In

You Might Also Like...

Show Comments

Extras

Top Quizzes Today


Score Distribution

Your Account Isn't Verified!

In order to create a playlist on Sporcle, you need to verify the email address you used during registration. Go to your Sporcle Settings to finish the process.

Report this User

Report this user for behavior that violates our Community Guidelines.

Details: